{"text_format":"3","workbook":"xlsx","n_sheets":2,"sheets":["2022","2023"],"not_rendered":{"defined_names":3},"read":"whole","date_system":"1900"}

{"sheet":"2022","index":0,"n_rows":251,"n_cols":14,"rows_kept":251}
["売上日付","メーカ名","メーカ品番","商品コード","商品名","規格","単位名","入数名","売上数量","売上単価","売上金額",null,"商品別　月毎合計数量"]
["2022-02-01","株式会社ニトムズ","H24R10",1000797525,"優肌パーミロール(H) 1巻入","10cm×10m","箱",null,3,2100,6300,null,"優肌パーミロール(H) 1巻入","合計数量"]
["2022-02-08","株式会社ニトムズ","H24R10",1000797525,"優肌パーミロール(H) 1巻入","10cm×10m","箱",null,3,2100,6300,null,"2月",6]
["2022-03-01","株式会社ニトムズ","H24R10",1000797525,"優肌パーミロール(H) 1巻入","10cm×10m","箱",null,2,2100,4200,null,"3月",2]
["2022-04-26","株式会社ニトムズ","H24R10",1000797525,"優肌パーミロール(H) 1巻入","10cm×10m","箱",null,3,2100,6300,null,"4月",3]
["2022-05-09","株式会社ニトムズ","H24R10",1000797525,"優肌パーミロール(H) 1巻入","10cm×10m","箱",null,3,2100,6300,null,"5月",3]
["2022-08-02","株式会社ニトムズ","H24R10",1000797525,"優肌パーミロール(H) 1巻入","10cm×10m","箱",null,3,2100,6300,null,"8月",7]
["2022-08-16","株式会社ニトムズ","H24R10",1000797525,"優肌パーミロール(H) 1巻入","10cm×10m","箱",null,4,2100,8400,null,"9月",3]
["2022-09-26","株式会社ニトムズ","H24R10",1000797525,"優肌パーミロール(H) 1巻入","10cm×10m","箱",null,3,2100,6300,null,"12月",5]
["2022-12-06","株式会社ニトムズ","H24R10",1000797525,"優肌パーミロール(H) 1巻入","10cm×10m","箱",null,5,2100,10500,null,null,29]
[{"$nulls":3},"1000797525 集計","集計",{"$nulls":3},{"$f":"SUBTOTAL(9,I2:I10)","v":29},null,{"$f":"SUBTOTAL(9,K2:K10)","v":60900}]
["2022-03-14","ハクゾウメディカル株式会社",2600053,1001301783,"エレファワイパー E(W) 2枚入","4×4cm","箱","(200ﾊﾟｯｸ入)",5,400,2000]
[{"$nulls":3},"1001301783 集計","集計",{"$nulls":3},{"$f":"SUBTOTAL(9,I12:I12)","v":5},null,{"$f":"SUBTOTAL(9,K12:K12)","v":2000},null,"エレバンメッシュ 1巻入","合計数量"]
["2022-04-26","ハクゾウメディカル株式会社",1330032,1001384946,"エレバンメッシュ 1巻入","No.100 10cm×10m","箱",null,2,1260,2520,null,"4月",2]
["2022-05-09","ハクゾウメディカル株式会社",1330032,1001384946,"エレバンメッシュ 1巻入","No.100 10cm×10m","箱",null,3,1260,3780,null,"5月",3]
["2022-06-21","ハクゾウメディカル株式会社",1330032,1001384946,"エレバンメッシュ 1巻入","No.100 10cm×10m","箱",null,5,1260,6300,null,"6月",5]
["2022-12-21","ハクゾウメディカル株式会社",1330032,1001384946,"エレバンメッシュ 1巻入","No.100 10cm×10m","箱",null,2,1260,2520,null,"12月",2]
[{"$nulls":3},"1001384946 集計","集計",{"$nulls":3},{"$f":"SUBTOTAL(9,I14:I17)","v":12},null,{"$f":"SUBTOTAL(9,K14:K17)","v":15120},null,null,12]
["2022-01-04","ハクゾウメディカル株式会社",1895891,1003052256,"ハクゾウ抗菌ペーパータオル","22×23cm 2ply","ｹｰｽ","(150組×36袋入)",2,3564,7128]
["2022-01-11","ハクゾウメディカル株式会社",1895891,1003052256,"ハクゾウ抗菌ペーパータオル","22×23cm 2ply","ｹｰｽ","(150組×36袋入)",2,3564,7128,null,"ハクゾウ抗菌ペーパータオル","合計数量"]
["2022-01-18","ハクゾウメディカル株式会社",1895891,1003052256,"ハクゾウ抗菌ペーパータオル","22×23cm 2ply","ｹｰｽ","(150組×36袋入)",2,3564,7128,null,"1月",10]
["2022-01-24","ハクゾウメディカル株式会社",1895891,1003052256,"ハクゾウ抗菌ペーパータオル","22×23cm 2ply","ｹｰｽ","(150組×36袋入)",2,3564,7128,null,"2月",8]
["2022-01-31","ハクゾウメディカル株式会社",1895891,1003052256,"ハクゾウ抗菌ペーパータオル","22×23cm 2ply","ｹｰｽ","(150組×36袋入)",2,3564,7128,null,"3月",7]
["2022-02-08","ハクゾウメディカル株式会社",1895891,1003052256,"ハクゾウ抗菌ペーパータオル","22×23cm 2ply","ｹｰｽ","(150組×36袋入)",3,3564,10692,null,"4月",12]
["2022-02-15","ハクゾウメディカル株式会社",1895891,1003052256,"ハクゾウ抗菌ペーパータオル","22×23cm 2ply","ｹｰｽ","(150組×36袋入)",3,3564,10692,null,"5月",13]
["2022-02-22","ハクゾウメディカル株式会社",1895891,1003052256,"ハクゾウ抗菌ペーパータオル","22×23cm 2ply","ｹｰｽ","(150組×36袋入)",2,3564,7128,null,"6月",8]
["2022-03-01","ハクゾウメディカル株式会社",1895891,1003052256,"ハクゾウ抗菌ペーパータオル","22×23cm 2ply","ｹｰｽ","(150組×36袋入)",2,3564,7128,null,"7月",11]
["2022-03-07","ハクゾウメディカル株式会社",1895891,1003052256,"ハクゾウ抗菌ペーパータオル","22×23cm 2ply","ｹｰｽ","(150組×36袋入)",2,3564,7128,null,"8月",13]
["2022-03-22","ハクゾウメディカル株式会社",1895891,1003052256,"ハクゾウ抗菌ペーパータオル","22×23cm 2ply","ｹｰｽ","(150組×36袋入)",2,3564,7128,null,"9月",9]
["2022-03-28","ハクゾウメディカル株式会社",1895891,1003052256,"ハクゾウ抗菌ペーパータオル","22×23cm 2ply","ｹｰｽ","(150組×36袋入)",1,3564,3564,null,"10月",9]
["2022-04-05","ハクゾウメディカル株式会社",1895891,1003052256,"ハクゾウ抗菌ペーパータオル","22×23cm 2ply","ｹｰｽ","(150組×36袋入)",3,3564,10692,null,"11月",15]
["2022-04-12","ハクゾウメディカル株式会社",1895891,1003052256,"ハクゾウ抗菌ペーパータオル","22×23cm 2ply","ｹｰｽ","(150組×36袋入)",3,3564,10692,null,"12月",11]
["2022-04-19","ハクゾウメディカル株式会社",1895891,1003052256,"ハクゾウ抗菌ペーパータオル","22×23cm 2ply","ｹｰｽ","(150組×36袋入)",3,3564,10692,null,null,126]
["2022-04-28","ハクゾウメディカル株式会社",1895891,1003052256,"ハクゾウ抗菌ペーパータオル","22×23cm 2ply","ｹｰｽ","(150組×36袋入)",3,3564,10692]
["2022-05-06","ハクゾウメディカル株式会社",1895891,1003052256,"ハクゾウ抗菌ペーパータオル","22×23cm 2ply","ｹｰｽ","(150組×36袋入)",3,3564,10692]
["2022-05-09","ハクゾウメディカル株式会社",1895891,1003052256,"ハクゾウ抗菌ペーパータオル","22×23cm 2ply","ｹｰｽ","(150組×36袋入)",2,3564,7128]
["2022-05-10","ハクゾウメディカル株式会社",1895891,1003052256,"ハクゾウ抗菌ペーパータオル","22×23cm 2ply","ｹｰｽ","(150組×36袋入)",3,3564,10692]
["2022-05-24","ハクゾウメディカル株式会社",1895891,1003052256,"ハクゾウ抗菌ペーパータオル","22×23cm 2ply","ｹｰｽ","(150組×36袋入)",3,3564,10692]
["2022-05-30","ハクゾウメディカル株式会社",1895891,1003052256,"ハクゾウ抗菌ペーパータオル","22×23cm 2ply","ｹｰｽ","(150組×36袋入)",2,3564,7128]
["2022-06-07","ハクゾウメディカル株式会社",1895891,1003052256,"ハクゾウ抗菌ペーパータオル","22×23cm 2ply","ｹｰｽ","(150組×36袋入)",2,3564,7128]
["2022-06-13","ハクゾウメディカル株式会社",1895891,1003052256,"ハクゾウ抗菌ペーパータオル","22×23cm 2ply","ｹｰｽ","(150組×36袋入)",2,3564,7128]
["2022-06-20","ハクゾウメディカル株式会社",1895891,1003052256,"ハクゾウ抗菌ペーパータオル","22×23cm 2ply","ｹｰｽ","(150組×36袋入)",2,3564,7128]
["2022-06-27","ハクゾウメディカル株式会社",1895891,1003052256,"ハクゾウ抗菌ペーパータオル","22×23cm 2ply","ｹｰｽ","(150組×36袋入)",2,3564,7128]
["2022-07-05","ハクゾウメディカル株式会社",1895891,1003052256,"ハクゾウ抗菌ペーパータオル","22×23cm 2ply","ｹｰｽ","(150組×36袋入)",2,3564,7128]
["2022-07-12","ハクゾウメディカル株式会社",1895891,1003052256,"ハクゾウ抗菌ペーパータオル","22×23cm 2ply","ｹｰｽ","(150組×36袋入)",3,3564,10692]
["2022-07-20","ハクゾウメディカル株式会社",1895891,1003052256,"ハクゾウ抗菌ペーパータオル","22×23cm 2ply","ｹｰｽ","(150組×36袋入)",3,3564,10692]
["2022-07-25","ハクゾウメディカル株式会社",1895891,1003052256,"ハクゾウ抗菌ペーパータオル","22×23cm 2ply","ｹｰｽ","(150組×36袋入)",3,3564,10692]
["2022-08-02","ハクゾウメディカル株式会社",1895891,1003052256,"ハクゾウ抗菌ペーパータオル","22×23cm 2ply","ｹｰｽ","(150組×36袋入)",3,3564,10692]
["2022-08-09","ハクゾウメディカル株式会社",1895891,1003052256,"ハクゾウ抗菌ペーパータオル","22×23cm 2ply","ｹｰｽ","(150組×36袋入)",3,3564,10692]
["2022-08-16","ハクゾウメディカル株式会社",1895891,1003052256,"ハクゾウ抗菌ペーパータオル","22×23cm 2ply","ｹｰｽ","(150組×36袋入)",2,3564,7128]
["2022-08-16","ハクゾウメディカル株式会社",1895891,1003052256,"ハクゾウ抗菌ペーパータオル","22×23cm 2ply","ｹｰｽ","(150組×36袋入)",1,3564,3564]
["2022-08-23","ハクゾウメディカル株式会社",1895891,1003052256,"ハクゾウ抗菌ペーパータオル","22×23cm 2ply","ｹｰｽ","(150組×36袋入)",2,3564,7128]
["2022-08-30","ハクゾウメディカル株式会社",1895891,1003052256,"ハクゾウ抗菌ペーパータオル","22×23cm 2ply","ｹｰｽ","(150組×36袋入)",2,3564,7128]
["2022-09-05","ハクゾウメディカル株式会社",1895891,1003052256,"ハクゾウ抗菌ペーパータオル","22×23cm 2ply","ｹｰｽ","(150組×36袋入)",2,3564,7128]
["2022-09-13","ハクゾウメディカル株式会社",1895891,1003052256,"ハクゾウ抗菌ペーパータオル","22×23cm 2ply","ｹｰｽ","(150組×36袋入)",2,3564,7128]
["2022-09-21","ハクゾウメディカル株式会社",1895891,1003052256,"ハクゾウ抗菌ペーパータオル","22×23cm 2ply","ｹｰｽ","(150組×36袋入)",3,3564,10692]
["2022-09-27","ハクゾウメディカル株式会社",1895891,1003052256,"ハクゾウ抗菌ペーパータオル","22×23cm 2ply","ｹｰｽ","(150組×36袋入)",2,3564,7128]
["2022-10-04","ハクゾウメディカル株式会社",1895891,1003052256,"ハクゾウ抗菌ペーパータオル","22×23cm 2ply","ｹｰｽ","(150組×36袋入)",3,3564,10692]
["2022-10-18","ハクゾウメディカル株式会社",1895891,1003052256,"ハクゾウ抗菌ペーパータオル","22×23cm 2ply","ｹｰｽ","(150組×36袋入)",3,3564,10692]
["2022-10-25","ハクゾウメディカル株式会社",1895891,1003052256,"ハクゾウ抗菌ペーパータオル","22×23cm 2ply","ｹｰｽ","(150組×36袋入)",3,3564,10692]
["2022-11-01","ハクゾウメディカル株式会社",1895891,1003052256,"ハクゾウ抗菌ペーパータオル","22×23cm 2ply","ｹｰｽ","(150組×36袋入)",3,3564,10692]
["2022-11-07","ハクゾウメディカル株式会社",1895891,1003052256,"ハクゾウ抗菌ペーパータオル","22×23cm 2ply","ｹｰｽ","(150組×36袋入)",3,3564,10692]
["2022-11-15","ハクゾウメディカル株式会社",1895891,1003052256,"ハクゾウ抗菌ペーパータオル","22×23cm 2ply","ｹｰｽ","(150組×36袋入)",3,3564,10692]
["2022-11-22","ハクゾウメディカル株式会社",1895891,1003052256,"ハクゾウ抗菌ペーパータオル","22×23cm 2ply","ｹｰｽ","(150組×36袋入)",3,3564,10692]
["2022-11-29","ハクゾウメディカル株式会社",1895891,1003052256,"ハクゾウ抗菌ペーパータオル","22×23cm 2ply","ｹｰｽ","(150組×36袋入)",3,3564,10692]
["2022-12-06","ハクゾウメディカル株式会社",1895891,1003052256,"ハクゾウ抗菌ペーパータオル","22×23cm 2ply","ｹｰｽ","(150組×36袋入)",2,3564,7128]
["2022-12-13","ハクゾウメディカル株式会社",1895891,1003052256,"ハクゾウ抗菌ペーパータオル","22×23cm 2ply","ｹｰｽ","(150組×36袋入)",5,3564,17820]
["2022-12-20","ハクゾウメディカル株式会社",1895891,1003052256,"ハクゾウ抗菌ペーパータオル","22×23cm 2ply","ｹｰｽ","(150組×36袋入)",2,3564,7128]
["2022-12-28","ハクゾウメディカル株式会社",1895891,1003052256,"ハクゾウ抗菌ペーパータオル","22×23cm 2ply","ｹｰｽ","(150組×36袋入)",2,3564,7128,null,"エレファジェル","合計数量"]
[{"$nulls":3},"1003052256 集計","集計",{"$nulls":3},{"$f":"SUBTOTAL(9,I19:I69)","v":126},null,{"$f":"SUBTOTAL(9,K19:K69)","v":449064},null,"4月",1]
["2022-04-26","ハクゾウメディカル株式会社",2600183,1003269241,"エレファジェル","350mL","箱","(10本入)",1,4200,4200,null,"7月",1]
["2022-07-20","ハクゾウメディカル株式会社",2600183,1003269241,"エレファジェル","350mL","箱","(10本入)",1,4200,4200,null,"9月",1]
["2022-09-05","ハクゾウメディカル株式会社",2600183,1003269241,"エレファジェル","350mL","箱","(10本入)",1,4200,4200,null,"10月",1]
["2022-10-04","ハクゾウメディカル株式会社",2600183,1003269241,"エレファジェル","350mL","箱","(10本入)",1,4200,4200,null,"12月",4]
["2022-12-13","ハクゾウメディカル株式会社",2600183,1003269241,"エレファジェル","350mL","箱","(10本入)",2,4200,8400,null,null,8]
["2022-12-26","ハクゾウメディカル株式会社",2600183,1003269241,"エレファジェル","350mL","箱","(10本入)",2,4200,8400]
[{"$nulls":3},"1003269241 集計","集計",{"$nulls":3},{"$f":"SUBTOTAL(9,I71:I76)","v":8},null,{"$f":"SUBTOTAL(9,K71:K76)","v":33600},null,"ラップキュアドレッシング","合計数量"]
["2022-01-31","ハクゾウメディカル株式会社",3155102,1004029851,"ラップキュアドレッシング","No.150 150mm×5m","箱",null,3,1700,5100,null,"1月",3]
["2022-02-08","ハクゾウメディカル株式会社",3155102,1004029851,"ラップキュアドレッシング","No.150 150mm×5m","箱",null,3,1700,5100,null,"2月",3]
["2022-04-26","ハクゾウメディカル株式会社",3155102,1004029851,"ラップキュアドレッシング","No.150 150mm×5m","箱",null,3,1700,5100,null,"4月",3]
["2022-06-07","ハクゾウメディカル株式会社",3155102,1004029851,"ラップキュアドレッシング","No.150 150mm×5m","箱",null,4,1700,6800,null,"6月",4]
["2022-09-27","ハクゾウメディカル株式会社",3155102,1004029851,"ラップキュアドレッシング","No.150 150mm×5m","箱",null,4,1700,6800,null,"9月",4]
["2022-11-01","ハクゾウメディカル株式会社",3155102,1004029851,"ラップキュアドレッシング","No.150 150mm×5m","箱",null,5,1700,8500,null,"11月",5]
["2022-12-06","ハクゾウメディカル株式会社",3155102,1004029851,"ラップキュアドレッシング","No.150 150mm×5m","箱",null,5,1700,8500,null,"12月",5]
[{"$nulls":3},"1004029851 集計","集計",{"$nulls":3},{"$f":"SUBTOTAL(9,I78:I84)","v":27},null,{"$f":"SUBTOTAL(9,K78:K84)","v":45900},null,null,27]
["2022-01-18","ジェクス株式会社",null,1004456138,"つけるだけ","1100mL","個",null,6,570,3420]
["2022-02-15","ジェクス株式会社",null,1004456138,"つけるだけ","1100mL","個",null,6,570,3420,null,"つけるだけ","合計数量"]
["2022-03-01","ジェクス株式会社",null,1004456138,"つけるだけ","1100mL","個",null,6,570,3420,null,"1月",6]
["2022-03-14","ジェクス株式会社",null,1004456138,"つけるだけ","1100mL","個",null,6,570,3420,null,"2月",6]
["2022-04-05","ジェクス株式会社",null,1004456138,"つけるだけ","1100mL","個",null,6,570,3420,null,"3月",12]
["2022-04-19","ジェクス株式会社",null,1004456138,"つけるだけ","1100mL","個",null,12,570,6840,null,"4月",24]
["2022-04-26","ジェクス株式会社",null,1004456138,"つけるだけ","1100mL","個",null,6,570,3420,null,"5月",12]
["2022-05-09","ジェクス株式会社",null,1004456138,"つけるだけ","1100mL","個",null,6,570,3420,null,"6月",6]
["2022-05-10","ジェクス株式会社",null,1004456138,"つけるだけ","1100mL","個",null,6,570,3420,null,"7月",18]
["2022-06-27","ジェクス株式会社",null,1004456138,"つけるだけ","1100mL","個",null,6,570,3420,null,"8月",18]
["2022-07-05","ジェクス株式会社",null,1004456138,"つけるだけ","1100mL","個",null,12,570,6840,null,"9月",0]
["2022-07-25","ジェクス株式会社",null,1004456138,"つけるだけ","1100mL","個",null,6,570,3420,null,"10月",18]
["2022-08-09","ジェクス株式会社",null,1004456138,"つけるだけ","1100mL","個",null,6,570,3420,null,"11月",6]
["2022-08-22","ジェクス株式会社",null,1004456138,"つけるだけ","1100mL","個",null,6,570,3420,null,"12月",24]
["2022-08-23","ジェクス株式会社",null,1004456138,"つけるだけ","1100mL","個",null,6,570,3420,null,null,150]
["2022-10-04","ジェクス株式会社",null,1004456138,"つけるだけ","1100mL","個",null,6,570,3420]
["2022-10-25","ジェクス株式会社",null,1004456138,"つけるだけ","1100mL","個",null,12,570,6840]
["2022-11-15","ジェクス株式会社",null,1004456138,"つけるだけ","1100mL","個",null,6,570,3420]
["2022-12-06","ジェクス株式会社",null,1004456138,"つけるだけ","1100mL","個",null,6,570,3420]
["2022-12-13","ジェクス株式会社",null,1004456138,"つけるだけ","1100mL","個",null,18,570,10260]
[{"$nulls":3},"1004456138 集計","集計",{"$nulls":3},{"$f":"SUBTOTAL(9,I86:I105)","v":150},null,{"$f":"SUBTOTAL(9,K86:K105)","v":85500}]
["2022-01-18","ハクゾウメディカル株式会社",2600028,1004609947,"めまわりさん","75×38mm 2ply×2枚","箱","(100包入)",1,1300,1300,null,"めまわりさん","合計数量"]
["2022-02-15","ハクゾウメディカル株式会社",2600028,1004609947,"めまわりさん","75×38mm 2ply×2枚","箱","(100包入)",1,1300,1300,null,"1月",1]
["2022-02-15","ハクゾウメディカル株式会社",2600028,1004609947,"めまわりさん","75×38mm 2ply×2枚","箱","(100包入)",2,1300,2600,null,"2月",4]
["2022-02-22","ハクゾウメディカル株式会社",2600028,1004609947,"めまわりさん","75×38mm 2ply×2枚","箱","(100包入)",1,1300,1300,null,"3月",2]
["2022-03-07","ハクゾウメディカル株式会社",2600028,1004609947,"めまわりさん","75×38mm 2ply×2枚","箱","(100包入)",1,1300,1300,null,"4月",1]
["2022-03-14","ハクゾウメディカル株式会社",2600028,1004609947,"めまわりさん","75×38mm 2ply×2枚","箱","(100包入)",1,1300,1300,null,"5月",2]
["2022-04-26","ハクゾウメディカル株式会社",2600028,1004609947,"めまわりさん","75×38mm 2ply×2枚","箱","(100包入)",1,1300,1300,null,"7月",1]
["2022-05-24","ハクゾウメディカル株式会社",2600028,1004609947,"めまわりさん","75×38mm 2ply×2枚","箱","(100包入)",2,1300,2600,null,"9月",3]
["2022-07-05","ハクゾウメディカル株式会社",2600028,1004609947,"めまわりさん","75×38mm 2ply×2枚","箱","(100包入)",1,1300,1300,null,"10月",3]
["2022-09-26","ハクゾウメディカル株式会社",2600028,1004609947,"めまわりさん","75×38mm 2ply×2枚","箱","(100包入)",3,1300,3900,null,"11月",4]
["2022-10-18","ハクゾウメディカル株式会社",2600028,1004609947,"めまわりさん","75×38mm 2ply×2枚","箱","(100包入)",3,1300,3900,null,"12月",2]
["2022-11-29","ハクゾウメディカル株式会社",2600028,1004609947,"めまわりさん","75×38mm 2ply×2枚","箱","(100包入)",4,1300,5200,null,null,23]
["2022-12-21","ハクゾウメディカル株式会社",2600028,1004609947,"めまわりさん","75×38mm 2ply×2枚","箱","(100包入)",2,1300,2600]
[{"$nulls":3},"1004609947 集計","集計",{"$nulls":3},{"$f":"SUBTOTAL(9,I107:I119)","v":23},null,{"$f":"SUBTOTAL(9,K107:K119)","v":29900}]
["2022-12-21","ハクゾウメディカル株式会社",3087666,1004633379,"エレファジェル用ポシェット","ﾋﾟﾝｸ 150mL専用","個",null,45,315,14175]
[{"$nulls":3},"1004633379 集計","集計",{"$nulls":3},{"$f":"SUBTOTAL(9,I121:I121)","v":45},null,{"$f":"SUBTOTAL(9,K121:K121)","v":14175}]
["2022-01-04","ハクゾウメディカル株式会社",3024111,1004707926,"プラスチックグローブMF","S","ｹｰｽ","(80枚×30箱入)",1,13000,13000,null,"プラスチックグローブMF　S","合計数量"]
["2022-01-11","ハクゾウメディカル株式会社",3024111,1004707926,"プラスチックグローブMF","S","ｹｰｽ","(80枚×30箱入)",1,13000,13000,null,"1月",3]
["2022-01-18","ハクゾウメディカル株式会社",3024111,1004707926,"プラスチックグローブMF","S","ｹｰｽ","(80枚×30箱入)",1,13000,13000,null,"2月",1]
["2022-02-08","ハクゾウメディカル株式会社",3024111,1004707926,"プラスチックグローブMF","S","ｹｰｽ","(80枚×30箱入)",1,13000,13000,null,"3月",1]
["2022-03-01","ハクゾウメディカル株式会社",3024111,1004707926,"プラスチックグローブMF","S","ｹｰｽ","(80枚×30箱入)",1,13000,13000,null,"4月",2]
["2022-04-05","ハクゾウメディカル株式会社",3024111,1004707926,"プラスチックグローブMF","S","ｹｰｽ","(80枚×30箱入)",1,13000,13000,null,"5月",2]
["2022-04-12","ハクゾウメディカル株式会社",3024111,1004707926,"プラスチックグローブMF","S","ｹｰｽ","(80枚×30箱入)",1,13000,13000,null,"7月",4]
["2022-05-09","ハクゾウメディカル株式会社",3024111,1004707926,"プラスチックグローブMF","S","ｹｰｽ","(80枚×30箱入)",1,13000,13000,null,"10月",3]
["2022-05-10","ハクゾウメディカル株式会社",3024111,1004707926,"プラスチックグローブMF","S","ｹｰｽ","(80枚×30箱入)",1,13000,13000,null,"11月",1]
["2022-07-05","ハクゾウメディカル株式会社",3024111,1004707926,"プラスチックグローブMF","S","ｹｰｽ","(80枚×30箱入)",1,13000,13000,null,"12月",11]
["2022-07-12","ハクゾウメディカル株式会社",3024111,1004707926,"プラスチックグローブMF","S","ｹｰｽ","(80枚×30箱入)",1,13000,13000,null,null,28]
["2022-07-20","ハクゾウメディカル株式会社",3024111,1004707926,"プラスチックグローブMF","S","ｹｰｽ","(80枚×30箱入)",1,13000,13000]
["2022-07-25","ハクゾウメディカル株式会社",3024111,1004707926,"プラスチックグローブMF","S","ｹｰｽ","(80枚×30箱入)",1,13000,13000]
["2022-10-04","ハクゾウメディカル株式会社",3024111,1004707926,"プラスチックグローブMF","S","ｹｰｽ","(80枚×30箱入)",1,13000,13000]
["2022-10-14","ハクゾウメディカル株式会社",3024111,1004707926,"プラスチックグローブMF","S","ｹｰｽ","(80枚×30箱入)",1,13000,13000]
["2022-10-25","ハクゾウメディカル株式会社",3024111,1004707926,"プラスチックグローブMF","S","ｹｰｽ","(80枚×30箱入)",1,13000,13000]
["2022-11-01","ハクゾウメディカル株式会社",3024111,1004707926,"プラスチックグローブMF","S","ｹｰｽ","(80枚×30箱入)",1,13000,13000]
["2022-12-13","ハクゾウメディカル株式会社",3024111,1004707926,"プラスチックグローブMF","S","ｹｰｽ","(80枚×30箱入)",4,13000,52000]
["2022-12-21","ハクゾウメディカル株式会社",3024111,1004707926,"プラスチックグローブMF","S","ｹｰｽ","(80枚×30箱入)",3,13000,39000]
["2022-12-26","ハクゾウメディカル株式会社",3024111,1004707926,"プラスチックグローブMF","S","ｹｰｽ","(80枚×30箱入)",4,13000,52000]
[{"$nulls":3},"1004707926 集計","集計",{"$nulls":3},{"$f":"SUBTOTAL(9,I123:I142)","v":28},null,{"$f":"SUBTOTAL(9,K123:K142)","v":364000}]
["2022-01-04","ハクゾウメディカル株式会社",3024112,1004707933,"プラスチックグローブMF","M","ｹｰｽ","(80枚×30箱入)",1,13000,13000,null,"プラスチックグローブMF　M","合計数量"]
["2022-01-14","ハクゾウメディカル株式会社",3024112,1004707933,"プラスチックグローブMF","M","ｹｰｽ","(80枚×30箱入)",1,13000,13000,null,"1月",9]
["2022-01-18","ハクゾウメディカル株式会社",3024112,1004707933,"プラスチックグローブMF","M","ｹｰｽ","(80枚×30箱入)",3,13000,39000,null,"2月",4]
["2022-01-24","ハクゾウメディカル株式会社",3024112,1004707933,"プラスチックグローブMF","M","ｹｰｽ","(80枚×30箱入)",3,13000,39000,null,"3月",8]
["2022-01-31","ハクゾウメディカル株式会社",3024112,1004707933,"プラスチックグローブMF","M","ｹｰｽ","(80枚×30箱入)",1,13000,13000,null,"4月",8]
["2022-02-15","ハクゾウメディカル株式会社",3024112,1004707933,"プラスチックグローブMF","M","ｹｰｽ","(80枚×30箱入)",1,13000,13000,null,"5月",4]
["2022-02-22","ハクゾウメディカル株式会社",3024112,1004707933,"プラスチックグローブMF","M","ｹｰｽ","(80枚×30箱入)",3,13000,39000,null,"6月",3]
["2022-03-01","ハクゾウメディカル株式会社",3024112,1004707933,"プラスチックグローブMF","M","ｹｰｽ","(80枚×30箱入)",3,13000,39000,null,"7月",4]
["2022-03-07","ハクゾウメディカル株式会社",3024112,1004707933,"プラスチックグローブMF","M","ｹｰｽ","(80枚×30箱入)",2,13000,26000,null,"8月",7]
["2022-03-14","ハクゾウメディカル株式会社",3024112,1004707933,"プラスチックグローブMF","M","ｹｰｽ","(80枚×30箱入)",1,13000,13000,null,"9月",1]
["2022-03-28","ハクゾウメディカル株式会社",3024112,1004707933,"プラスチックグローブMF","M","ｹｰｽ","(80枚×30箱入)",2,13000,26000,null,"10月",9]
["2022-04-05","ハクゾウメディカル株式会社",3024112,1004707933,"プラスチックグローブMF","M","ｹｰｽ","(80枚×30箱入)",2,13000,26000,null,"11月",12]
["2022-04-12","ハクゾウメディカル株式会社",3024112,1004707933,"プラスチックグローブMF","M","ｹｰｽ","(80枚×30箱入)",2,13000,26000,null,"12月",18]
["2022-04-19","ハクゾウメディカル株式会社",3024112,1004707933,"プラスチックグローブMF","M","ｹｰｽ","(80枚×30箱入)",2,13000,26000,null,null,87]
["2022-04-26","ハクゾウメディカル株式会社",3024112,1004707933,"プラスチックグローブMF","M","ｹｰｽ","(80枚×30箱入)",2,13000,26000]
["2022-05-16","ハクゾウメディカル株式会社",3024112,1004707933,"プラスチックグローブMF","M","ｹｰｽ","(80枚×30箱入)",2,13000,26000]
["2022-05-30","ハクゾウメディカル株式会社",3024112,1004707933,"プラスチックグローブMF","M","ｹｰｽ","(80枚×30箱入)",2,13000,26000]
["2022-06-07","ハクゾウメディカル株式会社",3024112,1004707933,"プラスチックグローブMF","M","ｹｰｽ","(80枚×30箱入)",1,13000,13000]
["2022-06-27","ハクゾウメディカル株式会社",3024112,1004707933,"プラスチックグローブMF","M","ｹｰｽ","(80枚×30箱入)",2,13000,26000]
["2022-07-05","ハクゾウメディカル株式会社",3024112,1004707933,"プラスチックグローブMF","M","ｹｰｽ","(80枚×30箱入)",1,13000,13000]
["2022-07-12","ハクゾウメディカル株式会社",3024112,1004707933,"プラスチックグローブMF","M","ｹｰｽ","(80枚×30箱入)",1,13000,13000]
["2022-07-20","ハクゾウメディカル株式会社",3024112,1004707933,"プラスチックグローブMF","M","ｹｰｽ","(80枚×30箱入)",1,13000,13000]
["2022-07-25","ハクゾウメディカル株式会社",3024112,1004707933,"プラスチックグローブMF","M","ｹｰｽ","(80枚×30箱入)",1,13000,13000]
["2022-08-02","ハクゾウメディカル株式会社",3024112,1004707933,"プラスチックグローブMF","M","ｹｰｽ","(80枚×30箱入)",1,13000,13000]
["2022-08-09","ハクゾウメディカル株式会社",3024112,1004707933,"プラスチックグローブMF","M","ｹｰｽ","(80枚×30箱入)",2,13000,26000]
["2022-08-16","ハクゾウメディカル株式会社",3024112,1004707933,"プラスチックグローブMF","M","ｹｰｽ","(80枚×30箱入)",1,13000,13000]
["2022-08-23","ハクゾウメディカル株式会社",3024112,1004707933,"プラスチックグローブMF","M","ｹｰｽ","(80枚×30箱入)",1,13000,13000]
["2022-08-30","ハクゾウメディカル株式会社",3024112,1004707933,"プラスチックグローブMF","M","ｹｰｽ","(80枚×30箱入)",2,13000,26000]
["2022-09-05","ハクゾウメディカル株式会社",3024112,1004707933,"プラスチックグローブMF","M","ｹｰｽ","(80枚×30箱入)",1,13000,13000]
["2022-10-04","ハクゾウメディカル株式会社",3024112,1004707933,"プラスチックグローブMF","M","ｹｰｽ","(80枚×30箱入)",2,13000,26000]
["2022-10-14","ハクゾウメディカル株式会社",3024112,1004707933,"プラスチックグローブMF","M","ｹｰｽ","(80枚×30箱入)",2,13000,26000]
["2022-10-18","ハクゾウメディカル株式会社",3024112,1004707933,"プラスチックグローブMF","M","ｹｰｽ","(80枚×30箱入)",2,13000,26000]
["2022-10-25","ハクゾウメディカル株式会社",3024112,1004707933,"プラスチックグローブMF","M","ｹｰｽ","(80枚×30箱入)",3,13000,39000]
["2022-11-01","ハクゾウメディカル株式会社",3024112,1004707933,"プラスチックグローブMF","M","ｹｰｽ","(80枚×30箱入)",2,13000,26000]
["2022-11-07","ハクゾウメディカル株式会社",3024112,1004707933,"プラスチックグローブMF","M","ｹｰｽ","(80枚×30箱入)",3,13000,39000]
["2022-11-15","ハクゾウメディカル株式会社",3024112,1004707933,"プラスチックグローブMF","M","ｹｰｽ","(80枚×30箱入)",2,13000,26000]
["2022-11-22","ハクゾウメディカル株式会社",3024112,1004707933,"プラスチックグローブMF","M","ｹｰｽ","(80枚×30箱入)",2,13000,26000]
["2022-11-29","ハクゾウメディカル株式会社",3024112,1004707933,"プラスチックグローブMF","M","ｹｰｽ","(80枚×30箱入)",3,13000,39000]
["2022-12-06","ハクゾウメディカル株式会社",3024112,1004707933,"プラスチックグローブMF","M","ｹｰｽ","(80枚×30箱入)",3,13000,39000]
["2022-12-13","ハクゾウメディカル株式会社",3024112,1004707933,"プラスチックグローブMF","M","ｹｰｽ","(80枚×30箱入)",6,13000,78000]
["2022-12-21","ハクゾウメディカル株式会社",3024112,1004707933,"プラスチックグローブMF","M","ｹｰｽ","(80枚×30箱入)",4,13000,52000]
["2022-12-26","ハクゾウメディカル株式会社",3024112,1004707933,"プラスチックグローブMF","M","ｹｰｽ","(80枚×30箱入)",5,13000,65000]
[{"$nulls":3},"1004707933 集計","集計",{"$nulls":3},{"$f":"SUBTOTAL(9,I144:I185)","v":87},null,{"$f":"SUBTOTAL(9,K144:K185)","v":1131000}]
["2022-01-04","ハクゾウメディカル株式会社",3024113,1004707940,"プラスチックグローブMF","L","ｹｰｽ","(80枚×30箱入)",1,13000,13000,null,"プラスチックグローブMF　L","合計数量"]
["2022-01-11","ハクゾウメディカル株式会社",3024113,1004707940,"プラスチックグローブMF","L","ｹｰｽ","(80枚×30箱入)",1,13000,13000,null,"1月",7]
["2022-01-18","ハクゾウメディカル株式会社",3024113,1004707940,"プラスチックグローブMF","L","ｹｰｽ","(80枚×30箱入)",2,13000,26000,null,"2月",1]
["2022-01-24","ハクゾウメディカル株式会社",3024113,1004707940,"プラスチックグローブMF","L","ｹｰｽ","(80枚×30箱入)",2,13000,26000,null,"3月",2]
["2022-01-31","ハクゾウメディカル株式会社",3024113,1004707940,"プラスチックグローブMF","L","ｹｰｽ","(80枚×30箱入)",1,13000,13000,null,"4月",5]
["2022-02-22","ハクゾウメディカル株式会社",3024113,1004707940,"プラスチックグローブMF","L","ｹｰｽ","(80枚×30箱入)",1,13000,13000,null,"6月",2]
["2022-03-14","ハクゾウメディカル株式会社",3024113,1004707940,"プラスチックグローブMF","L","ｹｰｽ","(80枚×30箱入)",1,13000,13000,null,"11月",5]
["2022-03-28","ハクゾウメディカル株式会社",3024113,1004707940,"プラスチックグローブMF","L","ｹｰｽ","(80枚×30箱入)",1,13000,13000,null,"12月",13]
["2022-04-05","ハクゾウメディカル株式会社",3024113,1004707940,"プラスチックグローブMF","L","ｹｰｽ","(80枚×30箱入)",1,13000,13000,null,null,35]
["2022-04-12","ハクゾウメディカル株式会社",3024113,1004707940,"プラスチックグローブMF","L","ｹｰｽ","(80枚×30箱入)",1,13000,13000]
["2022-04-19","ハクゾウメディカル株式会社",3024113,1004707940,"プラスチックグローブMF","L","ｹｰｽ","(80枚×30箱入)",1,13000,13000]
["2022-04-26","ハクゾウメディカル株式会社",3024113,1004707940,"プラスチックグローブMF","L","ｹｰｽ","(80枚×30箱入)",2,13000,26000]
["2022-06-07","ハクゾウメディカル株式会社",3024113,1004707940,"プラスチックグローブMF","L","ｹｰｽ","(80枚×30箱入)",2,13000,26000]
["2022-11-07","ハクゾウメディカル株式会社",3024113,1004707940,"プラスチックグローブMF","L","ｹｰｽ","(80枚×30箱入)",1,13000,13000]
["2022-11-15","ハクゾウメディカル株式会社",3024113,1004707940,"プラスチックグローブMF","L","ｹｰｽ","(80枚×30箱入)",1,13000,13000]
["2022-11-22","ハクゾウメディカル株式会社",3024113,1004707940,"プラスチックグローブMF","L","ｹｰｽ","(80枚×30箱入)",2,13000,26000]
["2022-11-29","ハクゾウメディカル株式会社",3024113,1004707940,"プラスチックグローブMF","L","ｹｰｽ","(80枚×30箱入)",1,13000,13000]
["2022-12-06","ハクゾウメディカル株式会社",3024113,1004707940,"プラスチックグローブMF","L","ｹｰｽ","(80枚×30箱入)",2,13000,26000]
["2022-12-13","ハクゾウメディカル株式会社",3024113,1004707940,"プラスチックグローブMF","L","ｹｰｽ","(80枚×30箱入)",4,13000,52000]
["2022-12-21","ハクゾウメディカル株式会社",3024113,1004707940,"プラスチックグローブMF","L","ｹｰｽ","(80枚×30箱入)",3,13000,39000]
["2022-12-26","ハクゾウメディカル株式会社",3024113,1004707940,"プラスチックグローブMF","L","ｹｰｽ","(80枚×30箱入)",4,13000,52000]
[{"$nulls":3},"1004707940 集計","集計",{"$nulls":3},{"$f":"SUBTOTAL(9,I187:I207)","v":35},null,{"$f":"SUBTOTAL(9,K187:K207)","v":455000}]
["2022-03-22","ハクゾウメディカル株式会社",1153692,1004881923,"滅菌サージョンN 1枚入","No.2302 7.5×7.5cm 12Ply","箱","(50袋入)",2,650,1300,null,"滅菌サージョンN 1枚入","合計数量"]
["2022-09-02","ハクゾウメディカル株式会社",1153692,1004881923,"滅菌サージョンN 1枚入","No.2302 7.5×7.5cm 12Ply","箱","(50袋入)",1,650,650,null,"3月",2]
[{"$nulls":3},"1004881923 集計","集計",{"$nulls":3},{"$f":"SUBTOTAL(9,I209:I210)","v":3},null,{"$f":"SUBTOTAL(9,K209:K210)","v":1950},null,"9月",1]
["2022-01-18","ハクゾウメディカル株式会社",3024123,1005066558,"プラスチックエプロンSEプレミアム","ﾌﾞﾙｰ","ｹｰｽ","(50枚×20箱入)",1,7800,7800,null,null,3]
["2022-02-22","ハクゾウメディカル株式会社",3024123,1005066558,"プラスチックエプロンSEプレミアム","ﾌﾞﾙｰ","ｹｰｽ","(50枚×20箱入)",1,7800,7800]
["2022-03-22","ハクゾウメディカル株式会社",3024123,1005066558,"プラスチックエプロンSEプレミアム","ﾌﾞﾙｰ","ｹｰｽ","(50枚×20箱入)",1,7800,7800,null,"プラスチックエプロンSEプレミアム","合計数量"]
["2022-04-19","ハクゾウメディカル株式会社",3024123,1005066558,"プラスチックエプロンSEプレミアム","ﾌﾞﾙｰ","ｹｰｽ","(50枚×20箱入)",2,7800,15600,null,"1月",1]
["2022-05-09","ハクゾウメディカル株式会社",3024123,1005066558,"プラスチックエプロンSEプレミアム","ﾌﾞﾙｰ","ｹｰｽ","(50枚×20箱入)",1,7800,7800,null,"2月",1]
["2022-05-10","ハクゾウメディカル株式会社",3024123,1005066558,"プラスチックエプロンSEプレミアム","ﾌﾞﾙｰ","ｹｰｽ","(50枚×20箱入)",1,7800,7800,null,"3月",1]
["2022-06-27","ハクゾウメディカル株式会社",3024123,1005066558,"プラスチックエプロンSEプレミアム","ﾌﾞﾙｰ","ｹｰｽ","(50枚×20箱入)",1,7800,7800,null,"4月",2]
["2022-07-20","ハクゾウメディカル株式会社",3024123,1005066558,"プラスチックエプロンSEプレミアム","ﾌﾞﾙｰ","ｹｰｽ","(50枚×20箱入)",1,7800,7800,null,"5月",2]
["2022-08-09","ハクゾウメディカル株式会社",3024123,1005066558,"プラスチックエプロンSEプレミアム","ﾌﾞﾙｰ","ｹｰｽ","(50枚×20箱入)",1,7800,7800,null,"6月",1]
["2022-09-05","ハクゾウメディカル株式会社",3024123,1005066558,"プラスチックエプロンSEプレミアム","ﾌﾞﾙｰ","ｹｰｽ","(50枚×20箱入)",1,7800,7800,null,"7月",1]
["2022-10-14","ハクゾウメディカル株式会社",3024123,1005066558,"プラスチックエプロンSEプレミアム","ﾌﾞﾙｰ","ｹｰｽ","(50枚×20箱入)",1,7800,7800,null,"8月",1]
["2022-10-25","ハクゾウメディカル株式会社",3024123,1005066558,"プラスチックエプロンSEプレミアム","ﾌﾞﾙｰ","ｹｰｽ","(50枚×20箱入)",1,7800,7800,null,"9月",1]
["2022-11-15","ハクゾウメディカル株式会社",3024123,1005066558,"プラスチックエプロンSEプレミアム","ﾌﾞﾙｰ","ｹｰｽ","(50枚×20箱入)",1,7800,7800,null,"10月",2]
["2022-11-29","ハクゾウメディカル株式会社",3024123,1005066558,"プラスチックエプロンSEプレミアム","ﾌﾞﾙｰ","ｹｰｽ","(50枚×20箱入)",1,7800,7800,null,"11月",2]
["2022-12-13","ハクゾウメディカル株式会社",3024123,1005066558,"プラスチックエプロンSEプレミアム","ﾌﾞﾙｰ","ｹｰｽ","(50枚×20箱入)",2,7800,15600,null,"12月",3]
["2022-12-26","ハクゾウメディカル株式会社",3024123,1005066558,"プラスチックエプロンSEプレミアム","ﾌﾞﾙｰ","ｹｰｽ","(50枚×20箱入)",1,7800,7800,null,null,18]
[{"$nulls":3},"1005066558 集計","集計",{"$nulls":3},{"$f":"SUBTOTAL(9,I212:I227)","v":18},null,{"$f":"SUBTOTAL(9,K212:K227)","v":140400}]
["2022-07-21","株式会社昭和商会","SL-45-1",1005078711,"エコロジーパック","45L 黒 650×800mm 厚さ0.03mm","ｹｰｽ","(10枚×60冊入)",1,6640,6640,null,"エコロジーパック","合計数量"]
["2022-08-03","株式会社昭和商会","SL-45-1",1005078711,"エコロジーパック","45L 黒 650×800mm 厚さ0.03mm","ｹｰｽ","(10枚×60冊入)",1,6640,6640,null,"7月",1]
["2022-09-08","株式会社昭和商会","SL-45-1",1005078711,"エコロジーパック","45L 黒 650×800mm 厚さ0.03mm","ｹｰｽ","(10枚×60冊入)",1,6640,6640,null,"8月",1]
["2022-09-22","株式会社昭和商会","SL-45-1",1005078711,"エコロジーパック","45L 黒 650×800mm 厚さ0.03mm","ｹｰｽ","(10枚×60冊入)",1,6640,6640,null,"9月",2]
["2022-10-05","株式会社昭和商会","SL-45-1",1005078711,"エコロジーパック","45L 黒 650×800mm 厚さ0.03mm","ｹｰｽ","(10枚×60冊入)",1,6640,6640,null,"10月",4]
["2022-10-14","株式会社昭和商会","SL-45-1",1005078711,"エコロジーパック","45L 黒 650×800mm 厚さ0.03mm","ｹｰｽ","(10枚×60冊入)",2,6640,13280,null,"11月",1]
["2022-10-26","株式会社昭和商会","SL-45-1",1005078711,"エコロジーパック","45L 黒 650×800mm 厚さ0.03mm","ｹｰｽ","(10枚×60冊入)",1,6640,6640,null,"12月",2]
["2022-11-29","株式会社昭和商会","SL-45-1",1005078711,"エコロジーパック","45L 黒 650×800mm 厚さ0.03mm","ｹｰｽ","(10枚×60冊入)",1,6640,6640,null,null,11]
["2022-12-21","株式会社昭和商会","SL-45-1",1005078711,"エコロジーパック","45L 黒 650×800mm 厚さ0.03mm","ｹｰｽ","(10枚×60冊入)",2,6640,13280]
[{"$nulls":3},"1005078711 集計","集計",{"$nulls":3},{"$f":"SUBTOTAL(9,I229:I237)","v":11},null,{"$f":"SUBTOTAL(9,K229:K237)","v":73040}]
["2022-10-05","株式会社昭和商会","CP-68",1005078728,"クリンパック","0.03mm 30L 黒","ｹｰｽ","(10枚×60冊入)",1,6180,6180]
[{"$nulls":3},"1005078728 集計","集計",{"$nulls":3},{"$f":"SUBTOTAL(9,I239:I239)","v":1},null,{"$f":"SUBTOTAL(9,K239:K239)","v":6180}]
["2022-01-11","ハクゾウメディカル株式会社",2800461,1005677280,"プッシュ綿棒G0.05 1本入","No.12","箱","(30袋入)",1,1440,1440,null,"プッシュ綿棒G0.05 1本入","合計数量"]
["2022-02-15","ハクゾウメディカル株式会社",2800461,1005677280,"プッシュ綿棒G0.05 1本入","No.12","箱","(30袋入)",1,1440,1440,null,"1月",1]
["2022-02-22","ハクゾウメディカル株式会社",2800461,1005677280,"プッシュ綿棒G0.05 1本入","No.12","箱","(30袋入)",2,1440,2880,null,"2月",3]
["2022-03-14","ハクゾウメディカル株式会社",2800461,1005677280,"プッシュ綿棒G0.05 1本入","No.12","箱","(30袋入)",2,1440,2880,null,"3月",2]
["2022-05-09","ハクゾウメディカル株式会社",2800461,1005677280,"プッシュ綿棒G0.05 1本入","No.12","箱","(30袋入)",3,1440,4320,null,"5月",3]
["2022-06-20","ハクゾウメディカル株式会社",2800461,1005677280,"プッシュ綿棒G0.05 1本入","No.12","箱","(30袋入)",2,1440,2880,null,"6月",2]
["2022-07-12","ハクゾウメディカル株式会社",2800461,1005677280,"プッシュ綿棒G0.05 1本入","No.12","箱","(30袋入)",2,1440,2880,null,"7月",2]
["2022-08-02","ハクゾウメディカル株式会社",2800461,1005677280,"プッシュ綿棒G0.05 1本入","No.12","箱","(30袋入)",2,1440,2880,null,"8月",2]
["2022-11-01","ハクゾウメディカル株式会社",2800461,1005677280,"プッシュ綿棒G0.05 1本入","No.12","箱","(30袋入)",2,1440,2880,null,"11月",2]
["2022-12-07","ハクゾウメディカル株式会社",2800461,1005677280,"プッシュ綿棒G0.05 1本入","No.12","箱","(30袋入)",4,1440,5760,null,"12月",4]
[{"$nulls":3},"1005677280 集計","集計",{"$nulls":3},{"$f":"SUBTOTAL(9,I241:I250)","v":21},null,{"$f":"SUBTOTAL(9,K241:K250)","v":30240},null,null,21]

{"sheet":"2023","index":1,"n_rows":187,"n_cols":14,"rows_kept":187}
["売上日付","メーカ名","メーカ品番","商品コード","商品名","規格","単位名","入数名","売上数量","売上単価","売上金額",null,"商品別　月毎合計数量"]
["2023-01-20","株式会社ニトムズ","H24R10",1000797525,"優肌パーミロール(H) 1巻入","10cm×10m","箱",null,3,2100,6300,null,"優肌パーミロール(H) 1巻入","合計数量"]
["2023-03-06","株式会社ニトムズ","H24R10",1000797525,"優肌パーミロール(H) 1巻入","10cm×10m","箱",null,5,2100,10500,null,"1月",3]
["2023-03-29","株式会社ニトムズ","H24R10",1000797525,"優肌パーミロール(H) 1巻入","10cm×10m","箱",null,2,2100,4200,null,"3月",7]
["2023-04-24","株式会社ニトムズ","H24R10",1000797525,"優肌パーミロール(H) 1巻入","10cm×10m","箱",null,3,2100,6300,null,"4月",3]
["2023-05-15","株式会社ニトムズ","H24R10",1000797525,"優肌パーミロール(H) 1巻入","10cm×10m","箱",null,4,2100,8400,null,"5月",6]
["2023-05-22","株式会社ニトムズ","H24R10",1000797525,"優肌パーミロール(H) 1巻入","10cm×10m","箱",null,2,2100,4200,null,"6月",3]
["2023-06-15","株式会社ニトムズ","H24R10",1000797525,"優肌パーミロール(H) 1巻入","10cm×10m","箱",null,3,2100,6300,null,"7月",3]
["2023-07-20","株式会社ニトムズ","H24R10",1000797525,"優肌パーミロール(H) 1巻入","10cm×10m","箱",null,3,2100,6300,null,"10月",8]
["2023-10-02","株式会社ニトムズ","H24R10",1000797525,"優肌パーミロール(H) 1巻入","10cm×10m","箱",null,5,2351,11755,null,null,33]
["2023-10-30","株式会社ニトムズ","H24R10",1000797525,"優肌パーミロール(H) 1巻入","10cm×10m","箱",null,3,2351,7053]
[{"$nulls":3},"1000797525 集計","集計",{"$nulls":3},{"$f":"SUBTOTAL(9,I2:I11)","v":33},null,{"$f":"SUBTOTAL(9,K2:K11)","v":71308},null,"エレバンメッシュ 1巻入","合計数量"]
["2023-02-07","ハクゾウメディカル株式会社",1330032,1001384946,"エレバンメッシュ 1巻入","No.100 10cm×10m","箱",null,2,1260,2520,null,"2月",2]
["2023-04-24","ハクゾウメディカル株式会社",1330032,1001384946,"エレバンメッシュ 1巻入","No.100 10cm×10m","箱",null,2,1260,2520,null,"4月",2]
["2023-05-22","ハクゾウメディカル株式会社",1330032,1001384946,"エレバンメッシュ 1巻入","No.100 10cm×10m","箱",null,3,1260,3780,null,"5月",3]
["2023-10-11","ハクゾウメディカル株式会社",1330032,1001384946,"エレバンメッシュ 1巻入","No.100 10cm×10m","箱",null,5,1260,6300,null,"10月",5]
[{"$nulls":3},"1001384946 集計","集計",{"$nulls":3},{"$f":"SUBTOTAL(9,I13:I16)","v":12},null,{"$f":"SUBTOTAL(9,K13:K16)","v":15120},null,null,12]
["2023-04-03","オオサキメディカル株式会社",73731,1001898917,"クリーンエプロン 1枚入","袖付 G 大きめﾌﾞﾙｰ","箱","(10袋入)",3,1100,3300]
[{"$nulls":3},"1001898917 集計","集計",{"$nulls":3},{"$f":"SUBTOTAL(9,I18:I18)","v":3},null,{"$f":"SUBTOTAL(9,K18:K18)","v":3300}]
["2023-01-04","ハクゾウメディカル株式会社",1895891,1003052256,"ハクゾウ抗菌ペーパータオル","22×23cm 2ply","ｹｰｽ","(150組×36袋入)",2,3564,7128,null,"ハクゾウ抗菌ペーパータオル","合計数量"]
["2023-01-11","ハクゾウメディカル株式会社",1895891,1003052256,"ハクゾウ抗菌ペーパータオル","22×23cm 2ply","ｹｰｽ","(150組×36袋入)",2,3564,7128,null,"1月",9]
["2023-01-26","ハクゾウメディカル株式会社",1895891,1003052256,"ハクゾウ抗菌ペーパータオル","22×23cm 2ply","ｹｰｽ","(150組×36袋入)",2,3564,7128,null,"2月",8]
["2023-01-31","ハクゾウメディカル株式会社",1895891,1003052256,"ハクゾウ抗菌ペーパータオル","22×23cm 2ply","ｹｰｽ","(150組×36袋入)",3,3564,10692,null,"3月",9]
["2023-02-07","ハクゾウメディカル株式会社",1895891,1003052256,"ハクゾウ抗菌ペーパータオル","22×23cm 2ply","ｹｰｽ","(150組×36袋入)",2,3564,7128,null,"4月",11]
["2023-02-15","ハクゾウメディカル株式会社",1895891,1003052256,"ハクゾウ抗菌ペーパータオル","22×23cm 2ply","ｹｰｽ","(150組×36袋入)",2,3564,7128,null,"5月",9]
["2023-02-22","ハクゾウメディカル株式会社",1895891,1003052256,"ハクゾウ抗菌ペーパータオル","22×23cm 2ply","ｹｰｽ","(150組×36袋入)",2,3564,7128,null,"6月",12]
["2023-02-27","ハクゾウメディカル株式会社",1895891,1003052256,"ハクゾウ抗菌ペーパータオル","22×23cm 2ply","ｹｰｽ","(150組×36袋入)",2,3564,7128,null,"7月",10]
["2023-03-06","ハクゾウメディカル株式会社",1895891,1003052256,"ハクゾウ抗菌ペーパータオル","22×23cm 2ply","ｹｰｽ","(150組×36袋入)",2,3564,7128,null,"8月",10]
["2023-03-14","ハクゾウメディカル株式会社",1895891,1003052256,"ハクゾウ抗菌ペーパータオル","22×23cm 2ply","ｹｰｽ","(150組×36袋入)",2,3564,7128,null,"9月",5]
["2023-03-23","ハクゾウメディカル株式会社",1895891,1003052256,"ハクゾウ抗菌ペーパータオル","22×23cm 2ply","ｹｰｽ","(150組×36袋入)",2,3564,7128,null,"10月",18]
["2023-03-29","ハクゾウメディカル株式会社",1895891,1003052256,"ハクゾウ抗菌ペーパータオル","22×23cm 2ply","ｹｰｽ","(150組×36袋入)",3,3564,10692,null,"11月",10]
["2023-04-03","ハクゾウメディカル株式会社",1895891,1003052256,"ハクゾウ抗菌ペーパータオル","22×23cm 2ply","ｹｰｽ","(150組×36袋入)",2,3780,7560,null,"12月",12]
["2023-04-10","ハクゾウメディカル株式会社",1895891,1003052256,"ハクゾウ抗菌ペーパータオル","22×23cm 2ply","ｹｰｽ","(150組×36袋入)",2,3780,7560,null,null,123]
["2023-04-24","ハクゾウメディカル株式会社",1895891,1003052256,"ハクゾウ抗菌ペーパータオル","22×23cm 2ply","ｹｰｽ","(150組×36袋入)",2,3780,7560]
["2023-04-28","ハクゾウメディカル株式会社",1895891,1003052256,"ハクゾウ抗菌ペーパータオル","22×23cm 2ply","ｹｰｽ","(150組×36袋入)",5,3780,18900]
["2023-05-09","ハクゾウメディカル株式会社",1895891,1003052256,"ハクゾウ抗菌ペーパータオル","22×23cm 2ply","ｹｰｽ","(150組×36袋入)",4,3780,15120]
["2023-05-15","ハクゾウメディカル株式会社",1895891,1003052256,"ハクゾウ抗菌ペーパータオル","22×23cm 2ply","ｹｰｽ","(150組×36袋入)",2,3780,7560]
["2023-05-30","ハクゾウメディカル株式会社",1895891,1003052256,"ハクゾウ抗菌ペーパータオル","22×23cm 2ply","ｹｰｽ","(150組×36袋入)",3,3780,11340]
["2023-06-07","ハクゾウメディカル株式会社",1895891,1003052256,"ハクゾウ抗菌ペーパータオル","22×23cm 2ply","ｹｰｽ","(150組×36袋入)",2,3780,7560]
["2023-06-14","ハクゾウメディカル株式会社",1895891,1003052256,"ハクゾウ抗菌ペーパータオル","22×23cm 2ply","ｹｰｽ","(150組×36袋入)",4,3780,15120]
["2023-06-20","ハクゾウメディカル株式会社",1895891,1003052256,"ハクゾウ抗菌ペーパータオル","22×23cm 2ply","ｹｰｽ","(150組×36袋入)",4,3780,15120]
["2023-06-28","ハクゾウメディカル株式会社",1895891,1003052256,"ハクゾウ抗菌ペーパータオル","22×23cm 2ply","ｹｰｽ","(150組×36袋入)",2,3780,7560]
["2023-07-05","ハクゾウメディカル株式会社",1895891,1003052256,"ハクゾウ抗菌ペーパータオル","22×23cm 2ply","ｹｰｽ","(150組×36袋入)",2,3780,7560]
["2023-07-12","ハクゾウメディカル株式会社",1895891,1003052256,"ハクゾウ抗菌ペーパータオル","22×23cm 2ply","ｹｰｽ","(150組×36袋入)",4,3780,15120]
["2023-07-20","ハクゾウメディカル株式会社",1895891,1003052256,"ハクゾウ抗菌ペーパータオル","22×23cm 2ply","ｹｰｽ","(150組×36袋入)",2,3780,7560]
["2023-07-24","ハクゾウメディカル株式会社",1895891,1003052256,"ハクゾウ抗菌ペーパータオル","22×23cm 2ply","ｹｰｽ","(150組×36袋入)",2,3780,7560]
["2023-08-07","ハクゾウメディカル株式会社",1895891,1003052256,"ハクゾウ抗菌ペーパータオル","22×23cm 2ply","ｹｰｽ","(150組×36袋入)",2,3780,7560]
["2023-08-14","ハクゾウメディカル株式会社",1895891,1003052256,"ハクゾウ抗菌ペーパータオル","22×23cm 2ply","ｹｰｽ","(150組×36袋入)",3,3780,11340]
["2023-08-24","ハクゾウメディカル株式会社",1895891,1003052256,"ハクゾウ抗菌ペーパータオル","22×23cm 2ply","ｹｰｽ","(150組×36袋入)",2,3780,7560]
["2023-08-25","ハクゾウメディカル株式会社",1895891,1003052256,"ハクゾウ抗菌ペーパータオル","22×23cm 2ply","ｹｰｽ","(150組×36袋入)",3,3780,11340]
["2023-09-14","ハクゾウメディカル株式会社",1895891,1003052256,"ハクゾウ抗菌ペーパータオル","22×23cm 2ply","ｹｰｽ","(150組×36袋入)",3,3780,11340]
["2023-09-25","ハクゾウメディカル株式会社",1895891,1003052256,"ハクゾウ抗菌ペーパータオル","22×23cm 2ply","ｹｰｽ","(150組×36袋入)",2,3780,7560]
["2023-10-02","ハクゾウメディカル株式会社",1895891,1003052256,"ハクゾウ抗菌ペーパータオル","22×23cm 2ply","ｹｰｽ","(150組×36袋入)",3,3780,11340]
["2023-10-11","ハクゾウメディカル株式会社",1895891,1003052256,"ハクゾウ抗菌ペーパータオル","22×23cm 2ply","ｹｰｽ","(150組×36袋入)",3,3780,11340]
["2023-10-16","ハクゾウメディカル株式会社",1895891,1003052256,"ハクゾウ抗菌ペーパータオル","22×23cm 2ply","ｹｰｽ","(150組×36袋入)",5,3780,18900]
["2023-10-23","ハクゾウメディカル株式会社",1895891,1003052256,"ハクゾウ抗菌ペーパータオル","22×23cm 2ply","ｹｰｽ","(150組×36袋入)",4,3780,15120]
["2023-10-30","ハクゾウメディカル株式会社",1895891,1003052256,"ハクゾウ抗菌ペーパータオル","22×23cm 2ply","ｹｰｽ","(150組×36袋入)",3,3780,11340]
["2023-11-06","ハクゾウメディカル株式会社",1895891,1003052256,"ハクゾウ抗菌ペーパータオル","22×23cm 2ply","ｹｰｽ","(150組×36袋入)",3,3780,11340]
["2023-11-21","ハクゾウメディカル株式会社",1895891,1003052256,"ハクゾウ抗菌ペーパータオル","22×23cm 2ply","ｹｰｽ","(150組×36袋入)",4,3780,15120]
["2023-11-27","ハクゾウメディカル株式会社",1895891,1003052256,"ハクゾウ抗菌ペーパータオル","22×23cm 2ply","ｹｰｽ","(150組×36袋入)",3,3780,11340]
["2023-12-04","ハクゾウメディカル株式会社",1895891,1003052256,"ハクゾウ抗菌ペーパータオル","22×23cm 2ply","ｹｰｽ","(150組×36袋入)",3,3780,11340]
["2023-12-11","ハクゾウメディカル株式会社",1895891,1003052256,"ハクゾウ抗菌ペーパータオル","22×23cm 2ply","ｹｰｽ","(150組×36袋入)",3,3780,11340]
["2023-12-18","ハクゾウメディカル株式会社",1895891,1003052256,"ハクゾウ抗菌ペーパータオル","22×23cm 2ply","ｹｰｽ","(150組×36袋入)",3,3780,11340]
["2023-12-25","ハクゾウメディカル株式会社",1895891,1003052256,"ハクゾウ抗菌ペーパータオル","22×23cm 2ply","ｹｰｽ","(150組×36袋入)",3,3780,11340]
[{"$nulls":3},"1003052256 集計","集計",{"$nulls":3},{"$f":"SUBTOTAL(9,I20:I64)","v":123},null,{"$f":"SUBTOTAL(9,K20:K64)","v":459324},null,"エレファジェル","合計数量"]
["2023-01-04","ハクゾウメディカル株式会社",2600183,1003269241,"エレファジェル","350mL","箱","(10本入)",1,4200,4200,null,"1月",1]
["2023-04-03","ハクゾウメディカル株式会社",2600183,1003269241,"エレファジェル","350mL","箱","(10本入)",1,4200,4200,null,"4月",2]
["2023-04-28","ハクゾウメディカル株式会社",2600183,1003269241,"エレファジェル","350mL","箱","(10本入)",1,4200,4200,null,"6月",1]
["2023-06-28","ハクゾウメディカル株式会社",2600183,1003269241,"エレファジェル","350mL","箱","(10本入)",1,4200,4200,null,"8月",2]
["2023-08-10","ハクゾウメディカル株式会社",2600183,1003269241,"エレファジェル","350mL","箱","(10本入)",2,4200,8400,null,null,6]
[{"$nulls":3},"1003269241 集計","集計",{"$nulls":3},{"$f":"SUBTOTAL(9,I66:I70)","v":6},null,{"$f":"SUBTOTAL(9,K66:K70)","v":25200}]
["2023-03-29","ハクゾウメディカル株式会社",3155102,1004029851,"ラップキュアドレッシング","No.150 150mm×5m","箱",null,1,1700,1700,null,"ラップキュアドレッシング","合計数量"]
["2023-04-24","ハクゾウメディカル株式会社",3155102,1004029851,"ラップキュアドレッシング","No.150 150mm×5m","箱",null,3,1700,5100,null,"3月",1]
["2023-05-15","ハクゾウメディカル株式会社",3155102,1004029851,"ラップキュアドレッシング","No.150 150mm×5m","箱",null,4,1700,6800,null,"4月",3]
["2023-06-20","ハクゾウメディカル株式会社",3155102,1004029851,"ラップキュアドレッシング","No.150 150mm×5m","箱",null,3,1700,5100,null,"5月",4]
["2023-10-11","ハクゾウメディカル株式会社",3155102,1004029851,"ラップキュアドレッシング","No.150 150mm×5m","箱",null,6,1700,10200,null,"6月",3]
[{"$nulls":3},"1004029851 集計","集計",{"$nulls":3},{"$f":"SUBTOTAL(9,I72:I76)","v":17},null,{"$f":"SUBTOTAL(9,K72:K76)","v":28900},null,"10月",6]
["2023-01-04","ジェクス株式会社",null,1004456138,"つけるだけ","1100mL","個",null,12,570,6840,null,null,17]
["2023-02-15","ジェクス株式会社",null,1004456138,"つけるだけ","1100mL","個",null,6,570,3420]
["2023-04-03","ジェクス株式会社",null,1004456138,"つけるだけ","1100mL","個",null,12,570,6840,null,"つけるだけ","合計数量"]
["2023-04-24","ジェクス株式会社",null,1004456138,"つけるだけ","1100mL","個",null,6,570,3420,null,"1月",12]
["2023-05-15","ジェクス株式会社",null,1004456138,"つけるだけ","1100mL","個",null,12,570,6840,null,"2月",6]
["2023-06-14","ジェクス株式会社",null,1004456138,"つけるだけ","1100mL","個",null,6,570,3420,null,"4月",18]
["2023-06-28","ジェクス株式会社",null,1004456138,"つけるだけ","1100mL","個",null,6,570,3420,null,"5月",12]
["2023-07-20","ジェクス株式会社",null,1004456138,"つけるだけ","1100mL","個",null,12,570,6840,null,"6月",12]
["2023-08-10","ジェクス株式会社",null,1004456138,"つけるだけ","1100mL","個",null,6,570,3420,null,"7月",12]
["2023-08-24","ジェクス株式会社",null,1004456138,"つけるだけ","1100mL","個",null,12,570,6840,null,"8月",18]
["2023-10-02","ジェクス株式会社",null,1004456138,"つけるだけ","1100mL","個",null,6,570,3420,null,"10月",24]
["2023-10-11","ジェクス株式会社",null,1004456138,"つけるだけ","1100mL","個",null,12,570,6840,null,"11月",12]
["2023-10-30","ジェクス株式会社",null,1004456138,"つけるだけ","1100mL","個",null,6,570,3420,null,"12月",12]
["2023-11-06","ジェクス株式会社",null,1004456138,"つけるだけ","1100mL","個",null,6,570,3420,null,null,138]
["2023-11-17","ジェクス株式会社",null,1004456138,"つけるだけ","1100mL","個",null,6,570,3420]
["2023-12-18","ジェクス株式会社",null,1004456138,"つけるだけ","1100mL","個",null,12,570,6840]
[{"$nulls":3},"1004456138 集計","集計",{"$nulls":3},{"$f":"SUBTOTAL(9,I78:I93)","v":138},null,{"$f":"SUBTOTAL(9,K78:K93)","v":78660}]
["2023-03-08","ハクゾウメディカル株式会社",2600028,1004609947,"めまわりさん","75×38mm 2ply×2枚","箱","(100包入)",1,1300,1300,null,"めまわりさん","合計数量"]
["2023-03-23","ハクゾウメディカル株式会社",2600028,1004609947,"めまわりさん","75×38mm 2ply×2枚","箱","(100包入)",2,1300,2600,null,"3月",3]
["2023-04-24","ハクゾウメディカル株式会社",2600028,1004609947,"めまわりさん","75×38mm 2ply×2枚","箱","(100包入)",2,1300,2600,null,"4月",2]
["2023-06-07","ハクゾウメディカル株式会社",2600028,1004609947,"めまわりさん","75×38mm 2ply×2枚","箱","(100包入)",1,1300,1300,null,"6月",2]
["2023-06-28","ハクゾウメディカル株式会社",2600028,1004609947,"めまわりさん","75×38mm 2ply×2枚","箱","(100包入)",1,1300,1300,null,"7月",1]
["2023-07-05","ハクゾウメディカル株式会社",2600028,1004609947,"めまわりさん","75×38mm 2ply×2枚","箱","(100包入)",1,1300,1300,null,"8月",4]
["2023-08-07","ハクゾウメディカル株式会社",2600028,1004609947,"めまわりさん","75×38mm 2ply×2枚","箱","(100包入)",1,1300,1300,null,"9月",1]
["2023-08-25","ハクゾウメディカル株式会社",2600028,1004609947,"めまわりさん","75×38mm 2ply×2枚","箱","(100包入)",3,1300,3900,null,"10月",3]
["2023-09-14","ハクゾウメディカル株式会社",2600028,1004609947,"めまわりさん","75×38mm 2ply×2枚","箱","(100包入)",1,1300,1300,null,"11月",5]
["2023-10-02","ハクゾウメディカル株式会社",2600028,1004609947,"めまわりさん","75×38mm 2ply×2枚","箱","(100包入)",1,1300,1300,null,"12月",2]
["2023-10-11","ハクゾウメディカル株式会社",2600028,1004609947,"めまわりさん","75×38mm 2ply×2枚","箱","(100包入)",2,1300,2600,null,null,23]
["2023-11-17","ハクゾウメディカル株式会社",2600028,1004609947,"めまわりさん","75×38mm 2ply×2枚","箱","(100包入)",3,1300,3900]
["2023-11-27","ハクゾウメディカル株式会社",2600028,1004609947,"めまわりさん","75×38mm 2ply×2枚","箱","(100包入)",2,1300,2600]
["2023-12-04","ハクゾウメディカル株式会社",2600028,1004609947,"めまわりさん","75×38mm 2ply×2枚","箱","(100包入)",1,1300,1300]
["2023-12-25","ハクゾウメディカル株式会社",2600028,1004609947,"めまわりさん","75×38mm 2ply×2枚","箱","(100包入)",1,1300,1300]
[{"$nulls":3},"1004609947 集計","集計",{"$nulls":3},{"$f":"SUBTOTAL(9,I95:I109)","v":23},null,{"$f":"SUBTOTAL(9,K95:K109)","v":29900}]
["2023-01-04","ハクゾウメディカル株式会社",3024111,1004707926,"プラスチックグローブMF","S","ｹｰｽ","(80枚×30箱入)",4,13000,52000,null,"プラスチックグローブMF　S","合計数量"]
["2023-08-10","ハクゾウメディカル株式会社",3024111,1004707926,"プラスチックグローブMF","S","ｹｰｽ","(80枚×30箱入)",3,13000,39000,null,"1月",4]
["2023-11-27","ハクゾウメディカル株式会社",3024111,1004707926,"プラスチックグローブMF","S","ｹｰｽ","(80枚×30箱入)",2,13000,26000,null,"8月",3]
["2023-12-11","ハクゾウメディカル株式会社",3024111,1004707926,"プラスチックグローブMF","S","ｹｰｽ","(80枚×30箱入)",1,13000,13000,null,"11月",2]
["2023-12-18","ハクゾウメディカル株式会社",3024111,1004707926,"プラスチックグローブMF","S","ｹｰｽ","(80枚×30箱入)",2,13000,26000,null,"12月",3]
[{"$nulls":3},"1004707926 集計","集計",{"$nulls":3},{"$f":"SUBTOTAL(9,I111:I115)","v":12},null,{"$f":"SUBTOTAL(9,K111:K115)","v":156000},null,null,12]
["2023-01-04","ハクゾウメディカル株式会社",3024112,1004707933,"プラスチックグローブMF","M","ｹｰｽ","(80枚×30箱入)",5,13000,65000]
["2023-01-13","ハクゾウメディカル株式会社",3024112,1004707933,"プラスチックグローブMF","M","ｹｰｽ","(80枚×30箱入)",2,13000,26000,null,"プラスチックグローブMF　M","合計数量"]
["2023-04-03","ハクゾウメディカル株式会社",3024112,1004707933,"プラスチックグローブMF","M","ｹｰｽ","(80枚×30箱入)",3,13000,39000,null,"1月",7]
["2023-04-10","ハクゾウメディカル株式会社",3024112,1004707933,"プラスチックグローブMF","M","ｹｰｽ","(80枚×30箱入)",4,13000,52000,null,"4月",16]
["2023-04-24","ハクゾウメディカル株式会社",3024112,1004707933,"プラスチックグローブMF","M","ｹｰｽ","(80枚×30箱入)",3,13000,39000,null,"5月",6]
["2023-04-28","ハクゾウメディカル株式会社",3024112,1004707933,"プラスチックグローブMF","M","ｹｰｽ","(80枚×30箱入)",6,13000,78000,null,"6月",2]
["2023-05-09","ハクゾウメディカル株式会社",3024112,1004707933,"プラスチックグローブMF","M","ｹｰｽ","(80枚×30箱入)",4,13000,52000,null,"7月",2]
["2023-05-22","ハクゾウメディカル株式会社",3024112,1004707933,"プラスチックグローブMF","M","ｹｰｽ","(80枚×30箱入)",2,13000,26000,null,"8月",8]
["2023-06-07","ハクゾウメディカル株式会社",3024112,1004707933,"プラスチックグローブMF","M","ｹｰｽ","(80枚×30箱入)",2,13000,26000,null,"10月",4]
["2023-07-24","ハクゾウメディカル株式会社",3024112,1004707933,"プラスチックグローブMF","M","ｹｰｽ","(80枚×30箱入)",2,13000,26000,null,"11月",9]
["2023-08-07","ハクゾウメディカル株式会社",3024112,1004707933,"プラスチックグローブMF","M","ｹｰｽ","(80枚×30箱入)",1,13000,13000,null,"12月",17]
["2023-08-10","ハクゾウメディカル株式会社",3024112,1004707933,"プラスチックグローブMF","M","ｹｰｽ","(80枚×30箱入)",5,13000,65000,null,null,71]
["2023-08-23","ハクゾウメディカル株式会社",3024112,1004707933,"プラスチックグローブMF","M","ｹｰｽ","(80枚×30箱入)",2,13000,26000]
["2023-10-02","ハクゾウメディカル株式会社",3024112,1004707933,"プラスチックグローブMF","M","ｹｰｽ","(80枚×30箱入)",2,13000,26000]
["2023-10-23","ハクゾウメディカル株式会社",3024112,1004707933,"プラスチックグローブMF","M","ｹｰｽ","(80枚×30箱入)",2,13000,26000]
["2023-11-06","ハクゾウメディカル株式会社",3024112,1004707933,"プラスチックグローブMF","M","ｹｰｽ","(80枚×30箱入)",5,13000,65000]
["2023-11-17","ハクゾウメディカル株式会社",3024112,1004707933,"プラスチックグローブMF","M","ｹｰｽ","(80枚×30箱入)",2,13000,26000]
["2023-11-27","ハクゾウメディカル株式会社",3024112,1004707933,"プラスチックグローブMF","M","ｹｰｽ","(80枚×30箱入)",2,13000,26000]
["2023-12-04","ハクゾウメディカル株式会社",3024112,1004707933,"プラスチックグローブMF","M","ｹｰｽ","(80枚×30箱入)",2,13000,26000]
["2023-12-11","ハクゾウメディカル株式会社",3024112,1004707933,"プラスチックグローブMF","M","ｹｰｽ","(80枚×30箱入)",4,13000,52000]
["2023-12-18","ハクゾウメディカル株式会社",3024112,1004707933,"プラスチックグローブMF","M","ｹｰｽ","(80枚×30箱入)",5,13000,65000]
["2023-12-25","ハクゾウメディカル株式会社",3024112,1004707933,"プラスチックグローブMF","M","ｹｰｽ","(80枚×30箱入)",6,13000,78000]
[{"$nulls":3},"1004707933 集計","集計",{"$nulls":3},{"$f":"SUBTOTAL(9,I117:I138)","v":71},null,{"$f":"SUBTOTAL(9,K117:K138)","v":923000}]
["2023-01-04","ハクゾウメディカル株式会社",3024113,1004707940,"プラスチックグローブMF","L","ｹｰｽ","(80枚×30箱入)",4,13000,52000,null,"プラスチックグローブMF　L","合計数量"]
["2023-01-11","ハクゾウメディカル株式会社",3024113,1004707940,"プラスチックグローブMF","L","ｹｰｽ","(80枚×30箱入)",2,13000,26000,null,"1月",6]
["2023-08-10","ハクゾウメディカル株式会社",3024113,1004707940,"プラスチックグローブMF","L","ｹｰｽ","(80枚×30箱入)",3,13000,39000,null,"8月",3]
["2023-11-17","ハクゾウメディカル株式会社",3024113,1004707940,"プラスチックグローブMF","L","ｹｰｽ","(80枚×30箱入)",2,13000,26000,null,"11月",4]
["2023-11-27","ハクゾウメディカル株式会社",3024113,1004707940,"プラスチックグローブMF","L","ｹｰｽ","(80枚×30箱入)",2,13000,26000,null,"12月",4]
["2023-12-04","ハクゾウメディカル株式会社",3024113,1004707940,"プラスチックグローブMF","L","ｹｰｽ","(80枚×30箱入)",2,13000,26000,null,null,17]
["2023-12-11","ハクゾウメディカル株式会社",3024113,1004707940,"プラスチックグローブMF","L","ｹｰｽ","(80枚×30箱入)",2,13000,26000]
[{"$nulls":3},"1004707940 集計","集計",{"$nulls":3},{"$f":"SUBTOTAL(9,I140:I146)","v":17},null,{"$f":"SUBTOTAL(9,K140:K146)","v":221000}]
["2023-01-04","ハクゾウメディカル株式会社",3024123,1005066558,"プラスチックエプロンSEプレミアム","ﾌﾞﾙｰ","ｹｰｽ","(50枚×20箱入)",1,7800,7800,null,"プラスチックエプロンSEプレミアム","合計数量"]
["2023-02-15","ハクゾウメディカル株式会社",3024123,1005066558,"プラスチックエプロンSEプレミアム","ﾌﾞﾙｰ","ｹｰｽ","(50枚×20箱入)",1,7800,7800,null,"1月",1]
["2023-03-14","ハクゾウメディカル株式会社",3024123,1005066558,"プラスチックエプロンSEプレミアム","ﾌﾞﾙｰ","ｹｰｽ","(50枚×20箱入)",1,7800,7800,null,"2月",1]
["2023-04-03","ハクゾウメディカル株式会社",3024123,1005066558,"プラスチックエプロンSEプレミアム","ﾌﾞﾙｰ","ｹｰｽ","(50枚×20箱入)",1,7800,7800,null,"3月",1]
["2023-04-24","ハクゾウメディカル株式会社",3024123,1005066558,"プラスチックエプロンSEプレミアム","ﾌﾞﾙｰ","ｹｰｽ","(50枚×20箱入)",1,7800,7800,null,"4月",2]
["2023-05-09","ハクゾウメディカル株式会社",3024123,1005066558,"プラスチックエプロンSEプレミアム","ﾌﾞﾙｰ","ｹｰｽ","(50枚×20箱入)",1,7800,7800,null,"5月",2]
["2023-05-15","ハクゾウメディカル株式会社",3024123,1005066558,"プラスチックエプロンSEプレミアム","ﾌﾞﾙｰ","ｹｰｽ","(50枚×20箱入)",1,7800,7800,null,"6月",2]
["2023-06-14","ハクゾウメディカル株式会社",3024123,1005066558,"プラスチックエプロンSEプレミアム","ﾌﾞﾙｰ","ｹｰｽ","(50枚×20箱入)",1,7800,7800,null,"7月",1]
["2023-06-28","ハクゾウメディカル株式会社",3024123,1005066558,"プラスチックエプロンSEプレミアム","ﾌﾞﾙｰ","ｹｰｽ","(50枚×20箱入)",1,7800,7800,null,"8月",3]
["2023-07-24","ハクゾウメディカル株式会社",3024123,1005066558,"プラスチックエプロンSEプレミアム","ﾌﾞﾙｰ","ｹｰｽ","(50枚×20箱入)",1,7800,7800,null,"10月",1]
["2023-08-07","ハクゾウメディカル株式会社",3024123,1005066558,"プラスチックエプロンSEプレミアム","ﾌﾞﾙｰ","ｹｰｽ","(50枚×20箱入)",1,7800,7800,null,"11月",1]
["2023-08-10","ハクゾウメディカル株式会社",3024123,1005066558,"プラスチックエプロンSEプレミアム","ﾌﾞﾙｰ","ｹｰｽ","(50枚×20箱入)",2,7800,15600,null,"12月",2]
["2023-10-16","ハクゾウメディカル株式会社",3024123,1005066558,"プラスチックエプロンSEプレミアム","ﾌﾞﾙｰ","ｹｰｽ","(50枚×20箱入)",1,7800,7800,null,null,17]
["2023-11-06","ハクゾウメディカル株式会社",3024123,1005066558,"プラスチックエプロンSEプレミアム","ﾌﾞﾙｰ","ｹｰｽ","(50枚×20箱入)",1,7800,7800]
["2023-12-04","ハクゾウメディカル株式会社",3024123,1005066558,"プラスチックエプロンSEプレミアム","ﾌﾞﾙｰ","ｹｰｽ","(50枚×20箱入)",1,7800,7800]
["2023-12-18","ハクゾウメディカル株式会社",3024123,1005066558,"プラスチックエプロンSEプレミアム","ﾌﾞﾙｰ","ｹｰｽ","(50枚×20箱入)",1,7800,7800]
[{"$nulls":3},"1005066558 集計","集計",{"$nulls":3},{"$f":"SUBTOTAL(9,I148:I163)","v":17},null,{"$f":"SUBTOTAL(9,K148:K163)","v":132600}]
["2023-01-13","株式会社昭和商会","SL-45-1",1005078711,"エコロジーパック","45L 黒 650×800mm 厚さ0.03mm","ｹｰｽ","(10枚×60冊入)",2,6640,13280,null,"エコロジーパック","合計数量"]
["2023-01-20","株式会社昭和商会","SL-45-1",1005078711,"エコロジーパック","45L 黒 650×800mm 厚さ0.03mm","ｹｰｽ","(10枚×60冊入)",2,6640,13280,null,"1月",4]
["2023-05-11","株式会社昭和商会","SL-45-1",1005078711,"エコロジーパック","45L 黒 650×800mm 厚さ0.03mm","ｹｰｽ","(10枚×60冊入)",2,6640,13280,null,"5月",3]
["2023-05-22","株式会社昭和商会","SL-45-1",1005078711,"エコロジーパック","45L 黒 650×800mm 厚さ0.03mm","ｹｰｽ","(10枚×60冊入)",1,6640,6640,null,"6月",1]
["2023-06-28","株式会社昭和商会","SL-45-1",1005078711,"エコロジーパック","45L 黒 650×800mm 厚さ0.03mm","ｹｰｽ","(10枚×60冊入)",1,6640,6640,null,"8月",3]
["2023-08-23","株式会社昭和商会","SL-45-1",1005078711,"エコロジーパック","45L 黒 650×800mm 厚さ0.03mm","ｹｰｽ","(10枚×60冊入)",1,6640,6640,null,"9月",1]
["2023-08-23","株式会社昭和商会","SL-45-1",1005078711,"エコロジーパック","45L 黒 650×800mm 厚さ0.03mm","ｹｰｽ","(10枚×60冊入)",1,6640,6640,null,"10月",1]
["2023-08-31","株式会社昭和商会","SL-45-1",1005078711,"エコロジーパック","45L 黒 650×800mm 厚さ0.03mm","ｹｰｽ","(10枚×60冊入)",1,6640,6640,null,"11月",1]
["2023-09-11","株式会社昭和商会","SL-45-1",1005078711,"エコロジーパック","45L 黒 650×800mm 厚さ0.03mm","ｹｰｽ","(10枚×60冊入)",1,6640,6640,null,"12月",3]
["2023-10-23","株式会社昭和商会","SL-45-1",1005078711,"エコロジーパック","45L 黒 650×800mm 厚さ0.03mm","ｹｰｽ","(10枚×60冊入)",1,6640,6640,null,null,17]
["2023-11-15","株式会社昭和商会","SL-45-1",1005078711,"エコロジーパック","45L 黒 650×800mm 厚さ0.03mm","ｹｰｽ","(10枚×60冊入)",1,6640,6640]
["2023-12-18","株式会社昭和商会","SL-45-1",1005078711,"エコロジーパック","45L 黒 650×800mm 厚さ0.03mm","ｹｰｽ","(10枚×60冊入)",1,6640,6640]
["2023-12-18","株式会社昭和商会","SL-45-1",1005078711,"エコロジーパック","45L 黒 650×800mm 厚さ0.03mm","ｹｰｽ","(10枚×60冊入)",1,6640,6640]
["2023-12-27","株式会社昭和商会","SL-45-1",1005078711,"エコロジーパック","45L 黒 650×800mm 厚さ0.03mm","ｹｰｽ","(10枚×60冊入)",1,6640,6640]
[{"$nulls":3},"1005078711 集計","集計",{"$nulls":3},{"$f":"SUBTOTAL(9,I165:I178)","v":17},null,{"$f":"SUBTOTAL(9,K165:K178)","v":112880}]
["2023-05-11","株式会社昭和商会","CP-68",1005078728,"クリンパック","0.03mm 30L 黒","ｹｰｽ","(10枚×60冊入)",1,6180,6180]
[{"$nulls":3},"1005078728 集計","集計",{"$nulls":3},{"$f":"SUBTOTAL(9,I180:I180)","v":1},null,{"$f":"SUBTOTAL(9,K180:K180)","v":6180}]
["2023-04-13","ハクゾウメディカル株式会社",2800461,1005677280,"プッシュ綿棒G0.05 1本入","No.12","箱","(30袋入)",3,1440,4320,null,"プッシュ綿棒G0.05 1本入","合計数量"]
["2023-04-28","ハクゾウメディカル株式会社",2800461,1005677280,"プッシュ綿棒G0.05 1本入","No.12","箱","(30袋入)",3,1440,4320,null,"4月",6]
["2023-05-22","ハクゾウメディカル株式会社",2800461,1005677280,"プッシュ綿棒G0.05 1本入","No.12","箱","(30袋入)",1,1440,1440,null,"5月",1]
["2023-10-11","ハクゾウメディカル株式会社",2800461,1005677280,"プッシュ綿棒G0.05 1本入","No.12","箱","(30袋入)",2,1440,2880,null,"10月",2]
["2023-12-25","ハクゾウメディカル株式会社",2800461,1005677280,"プッシュ綿棒G0.05 1本入","No.12","箱","(30袋入)",2,1440,2880,null,"12月",2]
[{"$nulls":3},"1005677280 集計",{"$nulls":4},{"$f":"SUBTOTAL(9,I182:I186)","v":11},null,{"$f":"SUBTOTAL(9,K182:K186)","v":15840},null,null,11]